000 00711nam a2200217 i 4500
001 C2-0237453
003 PPAK
005 20180727200925.0
008 020103s1951 enk |||| ||||| | eng d
040 _aPPAK
_beng
_cPPAK
_erda
082 0 4 _a572
_223
090 0 0 _a572
_bROY
_dKSI
245 0 0 _aNotes and queries on anthropology :
_ba committee of the royal anthropological institute of Great Britain and Ireland
264 1 _aCarter Lane, London :
_bRoutledge and Kegan Paul ,
_c1951
300 _axi, 403 pages ;
_c22 cm
336 _2rdacontent
_atext
337 _2rdamedia
_aunmediated
338 _2rdacarrier
_avolume
650 1 0 _aAnthropology - Field work ; Ethnology - Methodology
942 _ddc
_cB
999 _c53077
_d53077